000 00382nam a22001457a 4500
005 20150506105039.0
008 150506b xxu||||| |||| 00| 0 eng d
040 _cPK-LaUMT
082 _aKHC 954.035
_bRAZ-M
100 _aRazi Wasti
245 _aMuslim struggle for freedom in British India
_cRazi Wasti
260 _aLahore
_bBook traders
_c1993
300 _a397 p.
942 _cBK
999 _c70842
_d70842